[Event "ISR-chT"]
[Site "Israel"]
[Date "2023.05.12"]
[Round "11.4"]
[White "Aizenberg, Benny"]
[Black "Iakymov, Volodymyr"]
[Result "1/2-1/2"]
[WhiteElo "2348"]
[BlackElo "2389"]
[PlyCount "112"]
[EventDate "2023.01.11"]
[EventType "team-tourn"]
[EventRounds "11"]
[EventCountry "ISR"]
[SourceTitle "EXT 2024"]
[Source "ChessBase"]
[SourceDate "2023.10.10"]
[SourceVersion "1"]
[SourceVersionDate "2023.10.10"]
[SourceQuality "1"]
[WhiteTeam "Petah Tikva"]
[BlackTeam "Haifa Nesher"]
[WhiteTeamCountry "ISR"]
[BlackTeamCountry "ISR"]

1. e4 e5 2. Nf3 Nc6 3. Bb5 d6 4. c3 Nf6 5. d4 Bd7 6. Nbd2 Be7 7. dxe5 Nxe5 8. Bxd7+ Qxd7 9. 0-0 0-0 10. Nd4 Rfe8 11. f4 Nc6 12. Qc2 Bf8 13. Re1 Nxd4 14. cxd4 Qc6 15. Qxc6 bxc6 16. e5 Nd5 17. Nf3 c5 18. dxc5 dxe5 19. fxe5 Bxc5+ 20. Kf1 Rab8 21. b3 h6 22. Bd2 Rbd8 23. Rac1 Bb6 24. g3 Ne7 25. Kg2 Rd5 26. e6 f6 27. Bf4 c6 28. Bd2 g5 29. h3 h5 30. Bc3 Nf5 31. Bxf6 g4 32. hxg4 hxg4 33. Rxc6 gxf3+ 34. Kxf3 Nd4+ 35. Ke4 Rd7 36. Bxd4 Rxd4+ 37. Ke5 Rd3 38. g4 Kg7 39. b4 Re7 40. Re2 Rd1 41. Kf4 Kf6 42. a4 Bc7+ 43. Kf3 Rd8 44. a5 Kg6 45. Re4 Kf6 46. Ra6 Be5 47. b5 Rxe6 48. Rxa7 Rd3+ 49. Ke2 Red6 50. Rh7 Rd2+ 51. Kf3 R6d3+ 52. Re3 Rd4 53. Rh6+ Kg7 54. Re6 Bd6 55. Re2 R2d3+ 56. R2e3 Rd2 1/2-1/2

[Event "ISR-chT"]
[Site "Israel"]
[Date "2023.05.06"]
[Round "10.5"]
[White "Iakymov, Volodymyr"]
[Black "Levin, Guy"]
[Result "1/2-1/2"]
[WhiteElo "2389"]
[BlackElo "2391"]
[PlyCount "95"]
[EventDate "2023.01.11"]
[EventType "team-tourn"]
[EventRounds "11"]
[EventCountry "ISR"]
[SourceTitle "EXT 2024"]
[Source "ChessBase"]
[SourceDate "2023.10.10"]
[SourceVersion "1"]
[SourceVersionDate "2023.10.10"]
[SourceQuality "1"]
[WhiteTeam "Haifa Nesher"]
[BlackTeam "Ramat Gan Etude"]
[WhiteTeamCountry "ISR"]
[BlackTeamCountry "ISR"]

1. e4 c5 2. Nf3 d6 3. Bb5+ Nd7 4. a4 Ngf6 5. Qe2 a6 6. Bc4 e6 7. 0-0 Be7 8. Bb3 b6 9. d3 0-0 10. Bg5 Bb7 11. Nbd2 Qc7 12. c3 h6 13. Bh4 Ne5 14. Nxe5 dxe5 15. Bg3 Nd7 16. d4 cxd4 17. cxd4 Qd6 18. dxe5 Qb4 19. Rfd1 Rac8 20. Bc4 Nc5 21. b3 Rfd8 22. Bf4 Bg5 23. Bxg5 hxg5 24. Qe3 g4 25. Be2 Rd4 26. f3 Rcd8 27. Nc4 Rxd1+ 28. Rxd1 Rxd1+ 29. Bxd1 gxf3 30. gxf3 Nxa4 31. bxa4 Qxc4 32. Qxb6 Qd3 33. Qb3 Qd2 34. Kf1 Bc6 35. Qb8+ Kh7 36. Qd6 Qc1 37. Kf2 Qc4 38. Bb3 Qc3 39. Bd1 a5 40. h3 Kg6 41. h4 Kh7 42. Kg2 Be8 43. Qd8 Bc6 44. Qd6 Kg6 45. Kf2 Qc4 46. Bb3 Qc1 47. Bd1 Qc3 48. Kg2 1/2-1/2

[Event "ISR-chT"]
[Site "Israel"]
[Date "2023.05.05"]
[Round "9.2"]
[White "Iakymov, Volodymyr"]
[Black "Bakalchuk, Johnatan"]
[Result "0-1"]
[WhiteElo "2389"]
[BlackElo "2442"]
[PlyCount "50"]
[EventDate "2023.01.11"]
[EventType "team-tourn"]
[EventRounds "11"]
[EventCountry "ISR"]
[SourceTitle "EXT 2024"]
[Source "ChessBase"]
[SourceDate "2023.10.10"]
[SourceVersion "1"]
[SourceVersionDate "2023.10.10"]
[SourceQuality "1"]
[WhiteTeam "Haifa Nesher"]
[BlackTeam "Ramat Gan II"]
[WhiteTeamCountry "ISR"]
[BlackTeamCountry "ISR"]

1. e4 c5 2. Nf3 g6 3. d4 cxd4 4. Qxd4 Nf6 5. Nc3 Nc6 6. Qd1 Bg7 7. Be2 0-0 8. 0-0 d6 9. Bg5 a6 10. a4 Bg4 11. h3 Bxf3 12. Bxf3 Rc8 13. Be2 Nd7 14. Qd2 Nc5 15. Bh6 Bxh6 16. Qxh6 Qb6 17. Rab1 Qb4 18. Bg4 e6 19. Rfe1 Nxa4 20. e5 Nxc3 21. bxc3 Qxc3 22. exd6 b5 23. Rbd1 Rcd8 24. Bf3 Rxd6 25. Qf4 Rfd8 0-1

[Event "ISR-chT"]
[Site "Israel"]
[Date "2023.01.18"]
[Round "4.1"]
[White "Iakymov, Volodymyr"]
[Black "Tifferet, Shaked"]
[Result "1/2-1/2"]
[WhiteElo "2389"]
[BlackElo "2226"]
[PlyCount "305"]
[EventDate "2023.01.11"]
[EventType "team-tourn"]
[EventRounds "11"]
[EventCountry "ISR"]
[SourceTitle "CBM 212 Extra"]
[Source "ChessBase"]
[SourceDate "2023.03.31"]
[SourceVersion "1"]
[SourceVersionDate "2023.03.31"]
[SourceQuality "1"]
[WhiteTeam "Haifa Nesher"]
[BlackTeam "Netanya"]
[WhiteTeamCountry "ISR"]
[BlackTeamCountry "ISR"]

1. e4 e5 2. Bc4 Nf6 3. d4 exd4 4. Nf3 Bb4+ 5. c3 dxc3 6. bxc3 d5 7. exd5 Bc5 8. 0-0 0-0 9. Bg5 h6 10. Bh4 Bf5 11. Nd4 Bh7 12. Nb3 Bb6 13. a4 a6 14. Re1 Nbd7 15. N1d2 Re8 16. Nf3 Rxe1+ 17. Qxe1 Qf8 18. Qf1 Be4 19. a5 Ba7 20. Qd1 Re8 21. Bg3 Bxf3 22. Qxf3 Ne5 23. Qe2 Neg4 24. Qd1 Qe7 25. Nd2 Qc5 26. Qf3 Ne5 27. Bxe5 Rxe5 28. Bb3 Ng4 29. Rf1 Nxf2 30. Rxf2 Re1+ 31. Nf1 Qxf2+ 32. Qxf2 Bxf2+ 33. Kxf2 Ra1 34. Nd2 Rxa5 35. Ke3 Ra1 36. c4 Re1+ 37. Kd3 b6 38. Ba4 Rg1 39. Bc6 Kf8 40. Nb3 Ke7 41. g3 Rf1 42. Ke3 Kd6 43. Bb7 Re1+ 44. Kd3 Rb1 45. Nd2 Ra1 46. c5+ bxc5 47. Ne4+ Ke5 48. Nxc5 Ra2 49. Nxa6 Kd6 50. Nb4 Rxh2 51. Bc8 Kc5 52. Na6+ Kxd5 53. Nxc7+ Kc6 54. Ne8 g6 55. Ke3 Ra2 56. Nf6 Ra3+ 57. Kf4 h5 58. Bh3 Kd6 59. Ne4+ Ke7 60. Bf1 Kf8 61. Nd2 Kg7 62. Nc4 Ra6 63. Bd3 Rf6+ 64. Ke3 Re6+ 65. Kf2 Kf6 66. Be2 Kg5 67. Nd2 f5 68. Nf3+ Kf6 69. Nd4 Re4 70. Nf3 Rb4 71. Nd2 h4 72. gxh4 Rxh4 73. Nf1 Ra4 74. Nh2 Ra3 75. Nf3 g5 76. Nh2 Ke5 77. Nf3+ Kf4 78. Ne1 g4 79. Nd3+ Kg5 80. Ne5 Ra4 81. Nd3 Re4 82. Nc5 Re5 83. Nd3 Re7 84. Bd1 Rh7 85. Kg2 Rd7 86. Be2 Rd4 87. Kf2 Ra4 88. Ke3 f4+ 89. Kf2 Re4 90. Ne1 Re3 91. Bd1 Ra3 92. Be2 Ra2 93. Kf1 Ra1 94. Bc4 f3 95. Kf2 Kf4 96. Nd3+ Ke4 97. Nc5+ Ke5 98. Nd3+ Kd4 99. Be6 Kxd3 100. Bxg4 Ra7 101. Bxf3 Rf7 102. Kg3 Ke3 103. Bc6 Rf4 104. Bb7 Rd4 105. Bc6 Rd6 106. Bb7 Rb6 107. Bd5 Rb5 108. Bc6 Rg5+ 109. Kh3 Kf4 110. Bb7 Rg3+ 111. Kh2 Re3 112. Bd5 Rc3 113. Kg2 Rc5 114. Bb7 Rg5+ 115. Kh3 Rg7 116. Bc6 Rg3+ 117. Kh2 Rg6 118. Bd5 Rd6 119. Bb7 Rd8 120. Bc6 Kg4 121. Kg2 Rd2+ 122. Kf1 Kf4 123. Bb7 Ke3 124. Kg1 Rf2 125. Bc6 Ke2 126. Bb7 Rf6 127. Kg2 Ke3 128. Kh3 Kf4 129. Kg2 Rh6 130. Bd5 Rd6 131. Bb7 Rd2+ 132. Kf1 Ke3 133. Bc6 Rf2+ 134. Kg1 Rf6 135. Bd5 Kf4 136. Kg2 Ke3 137. Bb7 Rf2+ 138. Kg3 Rf1 139. Bc6 Rg1+ 140. Kh3 Kf4 141. Bb7 Rg3+ 142. Kh2 Kg4 143. Bc6 Kh4 144. Bb7 Rb3 145. Bc6 Rb6 146. Bd5 Rd6 147. Bb7 Rd2+ 148. Kg1 Kg3 149. Kf1 Rd7 150. Bc6 Re7 151. Bd5 Re5 152. Bc6 Rf5+ 153. Ke2 1/2-1/2

[Event "ISR-chT"]
[Site "Israel"]
[Date "2022.01.22"]
[Round "4.6"]
[White "Iakymov, Volodymyr"]
[Black "Mikhalevski, Victor"]
[Result "1/2-1/2"]
[WhiteElo "2401"]
[BlackElo "2561"]
[PlyCount "88"]
[EventDate "2022.01.14"]
[EventType "team-tourn"]
[EventRounds "11"]
[EventCountry "ISR"]
[SourceTitle "EXT 2023"]
[Source "ChessBase"]
[SourceDate "2022.10.05"]
[SourceVersion "1"]
[SourceVersionDate "2022.10.05"]
[SourceQuality "1"]
[WhiteTeam "Haifa Nesher"]
[BlackTeam "Beer Sheva"]
[WhiteTeamCountry "ISR"]
[BlackTeamCountry "ISR"]

1. e4 e5 2. Nf3 Nc6 3. d4 exd4 4. Nxd4 Nf6 5. Nxc6 bxc6 6. Bd3 d5 7. exd5 cxd5 8. 0-0 Be7 9. Bg5 0-0 10. Nd2 Bg4 11. Be2 Be6 12. c3 c5 13. Qc2 a5 14. Rfd1 Qb6 15. b3 h6 16. Bh4 Ra7 17. Bd3 Re8 18. Rab1 Nh5 19. Bg3 Nxg3 20. hxg3 Bg5 21. Nf3 Bf6 22. Bf5 Qc6 23. Re1 Bxf5 24. Rxe8+ Qxe8 25. Qxf5 Qe6 26. Qd3 g6 27. Re1 Qc6 28. Ne5 Bxe5 29. Rxe5 Rd7 30. Re8+ Kg7 31. Qe3 Qd6 32. Qe5+ Qxe5 33. Rxe5 c4 34. bxc4 dxc4 35. Kf1 Rd3 36. Rxa5 Rxc3 37. Ke2 Rc2+ 38. Ke3 h5 39. Ra6 Kh6 40. Rc6 Rc3+ 41. Kd2 Ra3 42. Rxc4 Rxa2+ 43. Ke3 Kg5 44. Rc5+ Kf6 1/2-1/2

[Event "ISR-chT"]
[Site "Israel"]
[Date "2022.01.15"]
[Round "2.6"]
[White "Iakymov, Volodymyr"]
[Black "Sidorenko, Ilya"]
[Result "1/2-1/2"]
[WhiteElo "2401"]
[BlackElo "2405"]
[PlyCount "135"]
[EventDate "2022.01.14"]
[EventType "team-tourn"]
[EventRounds "11"]
[EventCountry "ISR"]
[SourceTitle "EXT 2023"]
[Source "ChessBase"]
[SourceDate "2022.10.05"]
[SourceVersion "1"]
[SourceVersionDate "2022.10.05"]
[SourceQuality "1"]
[WhiteTeam "Haifa Nesher"]
[BlackTeam "Ramat Gan Etude"]
[WhiteTeamCountry "ISR"]
[BlackTeamCountry "ISR"]

1. e4 c5 2. c3 Nf6 3. e5 Nd5 4. d4 cxd4 5. Nf3 Nc6 6. cxd4 d6 7. Bc4 Nb6 8. Bb5 Bd7 9. exd6 e6 10. Bg5 f6 11. Bf4 Nd5 12. Qd2 Qa5 13. Bxc6 Qxd2+ 14. Nbxd2 Bxc6 15. Bg3 g5 16. h3 Nf4 17. 0-0 Bxd6 18. Rfe1 Kf7 19. a3 Rac8 20. Ne4 Be7 21. Rad1 Rhg8 22. Kh2 Bd5 23. Rd2 a5 24. Bxf4 gxf4 25. Rde2 b5 26. Nc3 Bc4 27. Rd2 b4 28. axb4 axb4 29. Na4 Bb3 30. Nc5 Bd5 31. Nxe6 b3 32. Nc5 Rgd8 33. Nh4 Bc4 34. Rdd1 Rd5 35. Nf3 Bxc5 36. dxc5 Rcxc5 37. Rc1 Bd3 38. Rxc5 Rxc5 39. Nd4 Bc2 40. Ra1 Rd5 41. Ra4 Re5 42. Rb4 Re1 43. Nxb3 Bxb3 44. Rxb3 Re2 45. Rf3 Rxb2 46. Rxf4 h5 47. Kg3 Kg6 48. Kh4 Ra2 49. Kg3 Ra3+ 50. Rf3 Ra2 51. Re3 Rb2 52. Kf3 Ra2 53. Re8 Ra3+ 54. Kf4 Ra4+ 55. Kg3 Ra3+ 56. Kh2 Ra2 57. f4 Ra3 58. Rh8 Rb3 59. h4 Rb5 60. Kh3 Rb3+ 61. g3 Rb5 62. Rg8+ Kf7 63. Rd8 Kg6 64. Kg2 Kf5 65. Rg8 Rb3 66. Kh3 Rb5 67. Rh8 Kg6 68. Rg8+ 1/2-1/2

[Event "UKR-chT Clubs"]
[Site "Alushta"]
[Date "2011.05.15"]
[Round "3.2"]
[White "Krupko, Alexey"]
[Black "Iakymov, Volodymyr"]
[Result "0-1"]
[WhiteElo "2165"]
[BlackElo "2483"]
[PlyCount "231"]
[EventDate "2011.05.13"]
[EventType "team-tourn"]
[EventRounds "9"]
[EventCountry "UKR"]
[SourceTitle "CBM 142 Extra"]
[Source "ChessBase"]
[SourceDate "2011.06.27"]
[SourceVersion "1"]
[SourceVersionDate "2011.06.27"]
[SourceQuality "1"]
[WhiteTeam "Chernigov With no mercy"]
[BlackTeam "Podillya Region"]
[WhiteTeamCountry "UKR"]
[BlackTeamCountry "UKR"]

1. e4 e6 2. d4 d5 3. Nc3 Nf6 4. e5 Nfd7 5. f4 c5 6. Nf3 Nc6 7. Be3 a6 8. Qd2 b5 9. a3 Qb6 10. Ne2 Qa5 11. c3 b4 12. f5 bxc3 13. Qxc3 Qxc3+ 14. bxc3 Rb8 15. Nf4 cxd4 16. cxd4 Rb3 17. Kf2 Bxa3 18. fxe6 fxe6 19. Nxe6 Ndxe5 20. Nxg7+ Kf7 21. Nxe5+ Nxe5 22. dxe5 Kxg7 23. Be2 Bf5 24. Bf3 Rf8 25. Bg5 Kg6 26. h4 Be4 27. Bf6 Bxf3 28. gxf3 Kf5 29. Rhd1 Bc5+ 30. Kg3 Rg8+ 31. Bg5 h6 32. Rxd5 Bb6 33. Rxa6 hxg5 34. e6+ Kxe6 35. Rxg5 Rb8 36. Ra4 Rf8 37. Re4+ Kd7 38. Rg7+ Kc6 39. Rg6+ Kb7 40. Rg7+ Ka6 41. Kg4 Rfxf3 42. Rg6 Rf1 43. Kh5 Rf8 44. Kg4 Rb1 45. Kg5 Kb5 46. Kh6 Bc5 47. Rge6 Rg1 48. Rg6 Rgf1 49. Rge6 Rh8+ 50. Kg7 Rff8 51. Kg6 Rfg8+ 52. Kf7 Rg1 53. Rg6 Rd1 54. Kg7 Rf8 55. Rg5 Rd7+ 56. Kg6 Rc8 57. Kh5 Rc6 58. Rge5 Rf6 59. Re6 Rf1 60. R6e5 Rd8 61. Rg5 Rf6 62. Rge5 Rdd6 63. Rg5 Kb6 64. Kg4 Rd3 65. Rf5 Rc6 66. Rfe5 Bd6 67. Rg5 Rc8 68. Kh5 Rh8+ 69. Kg6 Kc6 70. Kg7 Ra8 71. Kg6 Kd7 72. Kh5 Rh8+ 73. Kg6 Be7 74. Kg7 Rb8 75. Rg6 Bf8+ 76. Kf7 Ba3 77. Rg5 Bb2 78. Re7+ Kc6 79. Re6+ Rd6 80. Rxd6+ Kxd6 81. h5 Rb7+ 82. Kg6 Ke7 83. h6 Rb6+ 84. Kf5 Rxh6 85. Rg2 Bf6 86. Re2+ Kf7 87. Ra2 Rh5+ 88. Ke4 Re5+ 89. Kf4 Rd5 90. Rc2 Be7 91. Ra2 Ke6 92. Re2+ Kf6 93. Ke4 Ke6 94. Ra2 Rh5 95. Ra6+ Bd6 96. Kf3 Rh4 97. Ke3 Kd5 98. Ra5+ Bc5+ 99. Kf3 Rh1 100. Kg2 Rc1 101. Kf3 Ke5 102. Ra8 Rc3+ 103. Ke2 Bd4 104. Re8+ Kd5 105. Rd8+ Ke4 106. Re8+ Be5 107. Kd2 Rb3 108. Kc2 Rb2+ 109. Kc1 Rh2 110. Kb1 Kd4 111. Rd8+ Kc3 112. Rc8+ Kd3 113. Rd8+ Bd4 114. Rc8 Rb2+ 115. Kc1 Ra2 116. Rb8 0-1

[Event "UKR-chT Clubs"]
[Site "Alushta"]
[Date "2011.05.13"]
[Round "1.2"]
[White "Iakymov, Volodymyr"]
[Black "Azarov, Sergei Nikolaevich"]
[Result "0-1"]
[WhiteElo "2483"]
[BlackElo "2635"]
[PlyCount "54"]
[EventDate "2011.05.13"]
[EventType "team-tourn"]
[EventRounds "9"]
[EventCountry "UKR"]
[SourceTitle "CBM 142 Extra"]
[Source "ChessBase"]
[SourceDate "2011.06.27"]
[SourceVersion "1"]
[SourceVersionDate "2011.06.27"]
[SourceQuality "1"]
[WhiteTeam "Podillya Region"]
[BlackTeam "Chernigov DAN"]
[WhiteTeamCountry "UKR"]
[BlackTeamCountry "UKR"]

1. e4 e5 2. Nf3 Nc6 3. d4 exd4 4. Nxd4 Bc5 5. Be3 Qf6 6. c3 Nge7 7. Bc4 0-0 8. 0-0 b6 9. Nc2 Qg6 10. Nd2 Bb7 11. b4 Bxe3 12. Nxe3 Ne5 13. Bb3 Ba6 14. c4 f5 15. f4 Nd3 16. Nd5 Nxd5 17. exd5 Qf6 18. Nf3 Qc3 19. b5 Bb7 20. Kh1 Rac8 21. Bc2 Nb2 22. Qb1 Nxc4 23. Bxf5 Bxd5 24. Bxh7+ Kh8 25. Rc1 Qf6 26. Qd3 Ne3 27. Bg6 Qxf4 0-1

[Event "UKR-ch sf"]
[Site "Alushta"]
[Date "2011.05.09"]
[Round "7"]
[White "Podolsky, Anton"]
[Black "Iakymov, Volodymyr"]
[Result "0-1"]
[WhiteElo "2244"]
[BlackElo "2483"]
[PlyCount "62"]
[EventDate "2011.05.03"]
[EventType "swiss"]
[EventRounds "9"]
[EventCountry "UKR"]
[SourceTitle "CBM 142 Extra"]
[Source "ChessBase"]
[SourceDate "2011.06.27"]
[SourceVersion "1"]
[SourceVersionDate "2011.06.27"]
[SourceQuality "1"]

1. d4 d5 2. c4 e6 3. Nc3 c5 4. cxd5 exd5 5. Nf3 Nc6 6. Bg5 Be7 7. Bxe7 Ngxe7 8. e3 c4 9. Be2 0-0 10. 0-0 Rb8 11. a4 a6 12. b3 b5 13. axb5 axb5 14. bxc4 bxc4 15. e4 dxe4 16. Nxe4 Bf5 17. Ng3 Be6 18. Rc1 Rb4 19. Qd2 Qb6 20. Nh5 Rd8 21. Rfd1 Nf5 22. Qg5 h6 23. Qg4 Ncxd4 24. Nxd4 Rxd4 25. Rxd4 Qxd4 26. Nf4 c3 27. g3 c2 28. Qf3 Rb1 29. Nd3 Qb2 30. Qf4 g5 31. Qd2 Nd4 0-1

[Event "Kremenchug Grokhotov Memorial"]
[Site "Kremenchug"]
[Date "2011.01.06"]
[Round "8"]
[White "Iakymov, Volodymyr"]
[Black "Boroday, Sergey"]
[Result "1-0"]
[WhiteElo "2459"]
[BlackElo "2355"]
[PlyCount "83"]
[EventDate "2011.01.02"]
[EventType "tourn"]
[EventRounds "11"]
[EventCountry "UKR"]
[EventCategory "4"]
[SourceTitle "CBM 140 Extra"]
[Source "ChessBase"]
[SourceDate "2011.03.01"]
[SourceVersion "1"]
[SourceVersionDate "2011.03.01"]
[SourceQuality "1"]

1. e4 c5 2. c3 Nf6 3. e5 Nd5 4. d4 cxd4 5. Nf3 Nc6 6. cxd4 d6 7. Bc4 e6 8. 0-0 dxe5 9. dxe5 Be7 10. Qe2 Na5 11. Bxd5 Qxd5 12. Rd1 Qc4 13. Qe1 b6 14. Rd4 Qc2 15. Rg4 Bb7 16. Na3 Qd3 17. Rg3 Bxa3 18. bxa3 0-0-0 19. Bb2 Qb5 20. Bc3 Rd3 21. Ng5 Rxg3 22. hxg3 Qd7 23. Bxa5 bxa5 24. Rd1 Bd5 25. Rb1 Rd8 26. Qxa5 f6 27. Qb4 Qc7 28. Nf7 Rg8 29. Nd6+ Kd7 30. Kh2 fxe5 31. Nb5 Qb6 32. Qa4 Qxf2 33. Nc3+ Ke7 34. Nxd5+ exd5 35. Rb7+ Kf6 36. Qc6+ Kg5 37. Qxd5 Qe2 38. Re7 Re8 39. Rxg7+ Kh6 40. Rd7 Qh5+ 41. Kg1 Rc8 42. Rd6+ 1-0

[Event "Kremenchug Grokhotov Memorial"]
[Site "Kremenchug"]
[Date "2011.01.05"]
[Round "7"]
[White "Engovatov, Anatoliy"]
[Black "Iakymov, Volodymyr"]
[Result "0-1"]
[WhiteElo "2224"]
[BlackElo "2459"]
[PlyCount "96"]
[EventDate "2011.01.02"]
[EventType "tourn"]
[EventRounds "11"]
[EventCountry "UKR"]
[EventCategory "4"]
[SourceTitle "CBM 140 Extra"]
[Source "ChessBase"]
[SourceDate "2011.03.01"]
[SourceVersion "1"]
[SourceVersionDate "2011.03.01"]
[SourceQuality "1"]

1. e4 e6 2. d4 d5 3. e5 c5 4. c3 Nc6 5. Nf3 Qb6 6. a3 Nh6 7. b4 cxd4 8. cxd4 Nf5 9. Bb2 Be7 10. Bd3 g5 11. Bxf5 exf5 12. Nc3 Be6 13. Qd3 Rc8 14. 0-0 a6 15. Na4 Qb5 16. Qxb5 axb5 17. Nc5 b6 18. Nxe6 fxe6 19. Rac1 g4 20. Ne1 Bg5 21. Rc2 Kd7 22. f4 gxf3 23. Rxf3 Ne7 24. Kf2 Rc4 25. Ke2 Rhc8 26. Kd1 f4 27. Rh3 h6 28. Rxc4 dxc4 29. Nf3 Nf5 30. Nxg5 hxg5 31. Rh7+ Kc6 32. Ke2 Rd8 33. Rh5 Nxd4+ 34. Bxd4 Rxd4 35. Rxg5 Kd5 36. h4 c3 37. Rg8 Kc4 38. h5 c2 39. Rc8+ Kb3 40. h6 Rd7 41. Kf3 Rh7 42. Kxf4 Rxh6 43. Kg5 Rh2 44. g4 Rf2 45. Kh6 Rf4 46. Rxc2 Kxc2 47. g5 Rf5 48. g6 Rxe5 0-1

[Event "Kremenchug Grokhotov Memorial"]
[Site "Kremenchug"]
[Date "2011.01.05"]
[Round "6"]
[White "Iakymov, Volodymyr"]
[Black "Shalimov, Valery"]
[Result "0-1"]
[WhiteElo "2459"]
[BlackElo "2421"]
[PlyCount "144"]
[EventDate "2011.01.02"]
[EventType "tourn"]
[EventRounds "11"]
[EventCountry "UKR"]
[EventCategory "4"]
[SourceTitle "CBM 140 Extra"]
[Source "ChessBase"]
[SourceDate "2011.03.01"]
[SourceVersion "1"]
[SourceVersionDate "2011.03.01"]
[SourceQuality "1"]

1. e4 c5 2. c3 d5 3. exd5 Qxd5 4. d4 Nf6 5. Nf3 Bg4 6. Be2 e6 7. 0-0 Nc6 8. h3 Bh5 9. Be3 cxd4 10. cxd4 Bb4 11. Nc3 Qd6 12. Nb5 Qd8 13. a3 Ba5 14. Ne5 Bxe2 15. Qxe2 0-0 16. Rac1 Ne7 17. Bg5 Nfd5 18. Nc4 Bb6 19. Rfd1 h6 20. Bh4 Rc8 21. Nbd6 Rb8 22. Bg3 Bc7 23. Ne4 Bxg3 24. Nxg3 Rc8 25. Ne5 Nf6 26. Rc5 Qd6 27. Ng4 Ned5 28. Rdc1 Rcd8 29. R5c2 Nxg4 30. Qxg4 Nf6 31. Qf3 Qxd4 32. Qxb7 Rb8 33. Qf3 Rxb2 34. Rc4 Qb6 35. Rc8 Rb1 36. Rxf8+ Kxf8 37. Qa8+ Ke7 38. Rxb1 Qxb1+ 39. Nf1 Qb6 40. Ne3 Qc7 41. a4 h5 42. Qf3 g6 43. Qe2 Qc5 44. Qb2 Nd7 45. Qd2 Nb6 46. a5 Nd5 47. Nxd5+ exd5 48. Qg5+ Ke6 49. a6 Qb6 50. g4 Qxa6 51. gxh5 Qa1+ 52. Kg2 Qe5 53. Qd8 Qxh5 54. Qc8+ Kf6 55. Qa6+ Kg7 56. Qa1+ Kg8 57. Qxa7 Qe5 58. Qa5 Qe4+ 59. f3 Qc2+ 60. Kg3 Qd1 61. h4 Qg1+ 62. Kh3 d4 63. Qd8+ Kg7 64. Qd5 Qe3 65. Kg2 d3 66. h5 d2 67. hxg6 Kxg6 68. Qd6+ Kg7 69. Qg3+ Kh7 70. Qh4+ Kg6 71. Qa4 Qe2+ 72. Kg3 Qe1+ 0-1

[Event "EU-Cup 26th"]
[Site "Plovdiv"]
[Date "2010.10.21"]
[Round "5.4"]
[White "Iakymov, Volodymyr"]
[Black "Rublevsky, Sergei"]
[Result "1-0"]
[WhiteElo "2467"]
[BlackElo "2683"]
[PlyCount "81"]
[EventDate "2010.10.17"]
[EventType "team-swiss"]
[EventRounds "7"]
[EventCountry "BUL"]
[SourceTitle "CBM 139"]
[Source "ChessBase"]
[SourceDate "2010.11.18"]
[SourceVersion "1"]
[SourceVersionDate "2010.11.18"]
[SourceQuality "1"]
[WhiteTeam "Rivne Bisons"]
[BlackTeam "Yugra"]
[WhiteTeamCountry "UKR"]
[BlackTeamCountry "RUS"]

1. e4 c5 2. c3 Nf6 3. e5 Nd5 4. d4 cxd4 5. Nf3 e6 6. cxd4 d6 7. Bc4 Nb6 8. Bd3 Nc6 9. Bg5 Be7 10. Bxe7 Qxe7 11. Nc3 dxe5 12. dxe5 Bd7 13. 0-0 Nb4 14. Be4 Bc6 15. a3 N4d5 16. Qc2 Rc8 17. Nd4 Ba4 18. Qd3 Nxc3 19. bxc3 Qc5 20. Bxb7 Rc7 21. Be4 Qxe5 22. Rfe1 Qg5 23. Rab1 g6 24. h4 Qc5 25. h5 Qxh5 26. Nxe6 fxe6 27. Qd6 Rc8 28. Bf3 Qg5 29. Qxe6+ Kd8 30. Rxb6 axb6 31. Qxb6+ Kd7 32. Qa7+ Kd6 33. Qxa4 Rhe8 34. Qa6+ Kd7 35. Qa7+ Kd6 36. Rd1+ Ke6 37. Qd7+ Kf6 38. Rd6+ Ke5 39. Rd5+ Kf6 40. Qd6+ Re6 41. Qxe6+ 1-0

[Event "Yuzhny op"]
[Site "Yuzhny"]
[Date "2010.09.12"]
[Round "9"]
[White "Iakymov, Volodymyr"]
[Black "Kovalenko, Igor"]
[Result "1-0"]
[WhiteElo "2459"]
[BlackElo "2466"]
[PlyCount "99"]
[EventDate "2010.09.07"]
[EventType "swiss"]
[EventRounds "9"]
[EventCountry "UKR"]
[SourceTitle "CBM 138 Extra"]
[Source "ChessBase"]
[SourceDate "2010.10.29"]
[SourceVersion "1"]
[SourceVersionDate "2010.10.29"]
[SourceQuality "1"]

1. e4 d5 2. exd5 Qxd5 3. Nc3 Qa5 4. Bc4 Nf6 5. d4 c6 6. Nf3 Bf5 7. 0-0 e6 8. Re1 Be7 9. Ne5 0-0 10. g4 Bg6 11. h4 b5 12. Bb3 b4 13. Na4 Kh8 14. h5 Be4 15. g5 Bf5 16. Nc4 Qc7 17. gxf6 gxf6 18. Qf3 Rg8+ 19. Kf1 Bg4 20. Qf4 Qd8 21. Qh2 Qxd4 22. Qh1 Bf5 23. Be3 Qg4 24. f3 Qg3 25. Ke2 Qc7 26. Rg1 Nd7 27. Rxg8+ Rxg8 28. Rg1 Rg5 29. Bxg5 fxg5 30. Qg2 h6 31. Kd1 Kg7 32. Kc1 Nf6 33. Rh1 Qf4+ 34. Kb1 Nd5 35. Qe2 Bf6 36. Rd1 Qg3 37. Nc5 Nf4 38. Qd2 Qxf3 39. Nd6 Bg4 40. Re1 Nxh5 41. Nxf7 Kxf7 42. Nxe6 Kg6 43. Nf8+ Kg7 44. Qxb4 Kh8 45. Qc4 Qd5 46. Qxg4 Qd4 47. Qxd4 Bxd4 48. Ne6 Bg7 49. Rh1 Nf6 50. Nxg5 1-0

[Event "Yuzhny op"]
[Site "Yuzhny"]
[Date "2010.09.11"]
[Round "8"]
[White "Iakymov, Volodymyr"]
[Black "Kislinsky, Alexey"]
[Result "1-0"]
[WhiteElo "2459"]
[BlackElo "2488"]
[PlyCount "77"]
[EventDate "2010.09.07"]
[EventType "swiss"]
[EventRounds "9"]
[EventCountry "UKR"]
[SourceTitle "CBM 138 Extra"]
[Source "ChessBase"]
[SourceDate "2010.10.29"]
[SourceVersion "1"]
[SourceVersionDate "2010.10.29"]
[SourceQuality "1"]

1. e4 c5 2. c3 Nf6 3. e5 Nd5 4. d4 cxd4 5. Nf3 Nc6 6. cxd4 d6 7. Bc4 Nb6 8. Bb5 d5 9. Nh4 e6 10. Nf3 Be7 11. Nc3 Bd7 12. 0-0 0-0 13. Bf4 Kh8 14. Rc1 Qe8 15. Bd3 f6 16. exf6 gxf6 17. Re1 Rg8 18. Bg3 Rc8 19. a3 Rg7 20. Ne2 Nd8 21. Rxc8 Nxc8 22. Nf4 Qf7 23. Nh4 Nd6 24. Re3 Nc6 25. Nf3 Bf8 26. Qe1 Nd8 27. Qa5 Nc6 28. Qe1 Nd8 29. Qe2 Rg8 30. b4 b5 31. Bh4 Bh6 32. Nxd5 Ne8 33. Nxf6 Nxf6 34. Ne5 Qe7 35. Nxd7 Qxd7 36. Bxf6+ Bg7 37. Qf3 a6 38. h3 Nc6 39. Bxg7+ 1-0

[Event "Yuzhny op"]
[Site "Yuzhny"]
[Date "2010.09.08"]
[Round "2"]
[White "Iakymov, Volodymyr"]
[Black "Golovach, Valery"]
[Result "1-0"]
[WhiteElo "2459"]
[BlackElo "2201"]
[PlyCount "133"]
[EventDate "2010.09.07"]
[EventType "swiss"]
[EventRounds "9"]
[EventCountry "UKR"]
[SourceTitle "CBM 138 Extra"]
[Source "ChessBase"]
[SourceDate "2010.10.29"]
[SourceVersion "1"]
[SourceVersionDate "2010.10.29"]
[SourceQuality "1"]

1. e4 e6 2. d4 d5 3. Nd2 Nf6 4. e5 Nfd7 5. f4 c5 6. c3 Nc6 7. Ndf3 Qb6 8. g3 cxd4 9. cxd4 Bb4+ 10. Kf2 Be7 11. Bh3 f6 12. Kg2 0-0 13. Ne2 fxe5 14. fxe5 Ndxe5 15. dxe5 Nxe5 16. Ned4 Ng6 17. Re1 e5 18. Bxc8 Raxc8 19. Nb3 d4 20. Qe2 Qc6 21. Bd2 Qd5 22. Rac1 Rxc1 23. Nxc1 Rc8 24. Qd3 Bd6 25. Kg1 Be7 26. Qb3 Qxb3 27. Nxb3 Bf6 28. h4 h5 29. Bg5 Rc2 30. Rc1 Rxb2 31. Rc7 Rxa2 32. Nbd2 Nf8 33. Ne4 Nh7 34. Rxb7 a5 35. Bd2 Nf8 36. Ra7 a4 37. Bb4 Ne6 38. Bd6 Re2 39. Nfd2 d3 40. Rxa4 Nd4 41. Ra3 Nf3+ 42. Nxf3 Rxe4 43. Rxd3 Kf7 44. Kf2 Ke6 45. Ba3 Ra4 46. Rb3 Kf5 47. Nd2 g5 48. hxg5 Bxg5 49. Rf3+ Kg4 50. Nf1 h4 51. Nh2+ Kh5 52. g4+ Kg6 53. Kg2 Bf4 54. Nf1 Ra7 55. Kh3 Kg5 56. Rb3 Rd7 57. Ne3 Rd2 58. Be7+ Kg6 59. Ng2 Bg3 60. Bxh4 Rxg2 61. Bxg3 Re2 62. Kh4 e4 63. Rb6+ Kf7 64. Kg5 e3 65. Kf4 Rg2 66. Kf3 Rg1 67. Rb3 1-0